书目信息 |
| 题名: |
现代制糖化学与工艺学
|
|
| 作者: | 霍汉镇 编著 | |
| 分册: | ||
| 出版信息: | 北京 化学工业出版社 2008 |
|
| 页数: | 313页 | |
| 开本: | 24cm | |
| 丛书名: | ||
| 单 册: | ||
| 中图分类: | TS24 | |
| 科图分类: | ||
| 主题词: | 制糖--化学 | |
| 电子资源: | ||
| ISBN: | 978-7-122-01578-5 | |
| 000 | 00927nam0 2200217 45 | |
| 005 | 20100303144823.01 | |
| 010 | @a978-7-122-01578-5@dCNY59.00 | |
| 100 | @a20100121d2008 ekmy0chiy0120 ea | |
| 101 | 0 | @achi |
| 102 | @aCN@b110000 | |
| 105 | @ay z 000yy | |
| 106 | @ar | |
| 200 | 1 | @a现代制糖化学与工艺学@AXian Dai Zhi Tang Hua Xue Yu Gong Yi Xue@f霍汉镇编著@FHuo Han Zhen Bian Zhu |
| 210 | @a北京@c化学工业出版社@d2008 | |
| 215 | @a313页@d24cm | |
| 330 | @a本书主要介绍现代的制糖工艺,包括白糖、原糖、精糖的生产技术,重点讨论对传统生产工艺的改革、提高产品质量和开发新产品的创新技术,并结合糖业生产中普遍性的技术问题,提出多种有效措施。本书的讨论深入到化学的层面,重点研讨有色物、灰分和胶体物质以及各种化学变化,同时还突出论述了制糖工业节能的主要措施和先进经验。 | |
| 606 | 0 | @a制糖@x化学 |
| 690 | @aTS24@v4 | |
| 701 | 0 | @a霍汉镇@AHuo Han Zhen@4编著 |
| 801 | 0 | @aCN@bTANGWEI@c20100303 |
| 905 | @b0584770-74@dTS24@e109@f5 | |
| 现代制糖化学与工艺学/霍汉镇编著.-北京:化学工业出版社,2008 |
| 313页;24cm |
| ISBN 978-7-122-01578-5:CNY59.00 |
| 本书主要介绍现代的制糖工艺,包括白糖、原糖、精糖的生产技术,重点讨论对传统生产工艺的改革、提高产品质量和开发新产品的创新技术,并结合糖业生产中普遍性的技术问题,提出多种有效措施。本书的讨论深入到化学的层面,重点研讨有色物、灰分和胶体物质以及各种化学变化,同时还突出论述了制糖工业节能的主要措施和先进经验。 |
| ● |
| 相关链接 |
|
|
|
|
正题名:现代制糖化学与工艺学
索取号:TS24/109
 
预约/预借
| 序号 | 登录号 | 条形码 | 馆藏地/架位号 | 状态 | 备注 |
| 1 | 0584770 | 205847707 | 第二样本阅览室/ [索取号:TS24/109] | 在馆 | |
| 2 | 0584771 | 205847716 | 密集书库-化学系/ [索取号:TS24/109] | 在馆 | |
| 3 | 0584772 | 205847725 | 第三借阅区/ [索取号:TS24/109] | 在馆 | |
| 4 | 0584773 | 205847734 | 第三借阅区/ [索取号:TS24/109] | 在馆 | |
| 5 | 0584774 | 205847743 | 第三借阅区/ [索取号:TS24/109] | 在馆 |